Statistics for Countries Of The World But It's Conquering Time (With A Map)

Click here to take the quiz!

General Stats

  • This quiz has been taken 347 times
  • The average score is 17 of 21

Answers on the Map

Answers color-coded by a green-red scale on the quiz's map according to % correct below.
 

Answer Stats

TypeCountry% Correct
Important CountriesRussia
97%
Important CountriesChina
96%
Important CountriesFrance
90%
Important CountriesGermany
89%
Important CountriesPortugal
88%
Important CountriesSpain
88%
Important CountriesItaly
86%
Important CountriesJapan
84%
Important CountriesFinland
83%
Important CountriesNetherlands
82%
Important CountriesSweden
82%
Important CountriesAustria-Hungary
80%
Important CountriesBelgium
80%
Important CountriesDenmark
79%
Important CountriesOttoman
78%
Important CountriesSwitzerland
76%
Important CountriesYugoslavia
73%
Important CountriesCzechoslovakia
72%
Important CountriesThailand
71%
Important CountriesPersia
69%
Important CountriesBritain
53%

Score Distribution

Percentile by Number Answered

Percent of People with Each Score

Your Score History

You have not taken this quiz